Szczegóły MARC21

Background knowledge and second language vocabulary : exploring the interaction /

003 -Nazwa inst., której nr kontr. jest w polu 001 [,]
    • @
    • Nazwa instytucji, której n kontrolny jest w polu 001
    • NUKAT
005 -DATA I CZAS OSTATNIEJ MODYFIKACJI [,]
    • @
    • pole kontrolne
    • 20241231094758.0
020 -Międzynarod. znormalizowany nr książki - ISBN [ , ]
    • a
    • Numer ISBN
    • 8389712490 Find
040 -Instytucja sporządzająca opis [ , ]
    • a
    • Instytucja, która sporządziła opis (NP)
    • LUBL KUL/SK
    • c
    • Instytucja, która sporządziła rekord (NP)
    • LUBL KUL/SK
    • d
    • Instytucja, która zmodyfikowała rekord (P)
    • LUBL KUL/SKs
    • d
    • Instytucja, która zmodyfikowała rekord (P)
    • WR O/KSs
942 -Rodzaj dokumentu [ , ]
    • c
    • Rodzaj dokumentu
    • Książka
100 -Hasło główne - nazwa osobowa [1, ]
    • a
    • Nazwa osobowa (NP)
    • Kuczyński, Marek
    • d
    • Daty biograficzne (NP)
    • (1969- ).
    • 9
    • KHW
    • 39647
245 -Strefa tytułu i oznaczenia odpowiedzialności [1,0]
    • a
    • Tytuł
    • Background knowledge and second language vocabulary : Find
    • b
    • Ciąg dalszy tytułu (NP)
    • exploring the interaction / Find
    • c
    • Pozostałe elementy strefy tytułu i oznaczenia odpowiedzialności (NP)
    • Marek Kuczyński ; Uniwersytet Zielonogórski.
260 -Strefa adresu wydawniczego [ , ]
    • a
    • Miejsce wydania (P)
    • Zielona Góra :
    • b
    • Nazwa wydawcy (P)
    • Oficyna Wydawnicza Uniwersytetu Zielonogórskiego,
    • c
    • Data wydania (P)
    • 2005.
300 -Strefa opisu fizycznego [ , ]
    • a
    • Określenie formy książki i/lub objętość (NP)
    • 369 s. :
    • b
    • Oznaczenie ilustracji (NP)
    • il. ;
    • c
    • Format (NP)
    • 21 cm.
336 -Typ zawartości [ , ]
    • a
    • Termin opisujący typ zawartości
    • Tekst
    • b
    • Kod określający zawartość
    • txt
    • 2
    • Źródło (terminu i kodu)
    • rdacontent
337 -Typ mediów [ , ]
    • a
    • Tryb odtwarzania
    • Bez urządzenia pośredniczącego
    • b
    • Kod typu mediów
    • n
    • 2
    • Źródło (terminu i kodu)
    • rdamedia
338 -Typ/rodzaj nośnika [ , ]
    • a
    • Hasło opisujące typ nośnika
    • Wolumin
    • b
    • Kod typu nośnika
    • nc
    • 2
    • Źródło (terminu i kodu)
    • rdacarrier
504 -Uwaga dot. bibliogr. załącznikowej [ , ]
    • a
    • Uwaga dot. bibliografii załącznikowej
    • Bibliogr. s. 350-364.
080 -Uniwersalna Klasyfikacja Dziesiętna [ , ]
    • 2
    • Identyfikator wydania tablic
    • UDC-P022
    • a
    • Symbol klasyfikacji
    • 372.881.1
    • b
    • Dopowiedzenie
    • Nauczanie angielskiego.
    • x
    • Poddział wspólny
    • =111
    • b
    • Dopowiedzenie
    • =język angielski
080 -Uniwersalna Klasyfikacja Dziesiętna [ , ]
    • 2
    • Identyfikator wydania tablic
    • UDC-P022
    • a
    • Symbol klasyfikacji
    • 81'246
    • b
    • Dopowiedzenie
    • Jednojęzyczność i wielojęzyczność. Poliglotyzm.
    • x
    • Poddział wspólny
    • =111
    • b
    • Dopowiedzenie
    • =język angielski
650 -Hasło przedmiotowe [ ,7]
    • a
    • Hasło przedmiotowe
    • Języki obce
    • x
    • Określnik rzeczowy
    • studia i nauczanie.
    • 2
    • Źródło terminu
    • kaba
    • 9
    • KHW
    • 113631
650 -Hasło przedmiotowe [ ,7]
    • a
    • Hasło przedmiotowe
    • Psychologia uczenia się.
    • 2
    • Źródło terminu
    • kaba
    • 9
    • KHW
    • 126986
980 -Symbol UKD [ , ]
    • a
    • UKD
    • 372.881.1:81'246]=111
710 -Hasło dodatkowe - nazwa ciała zbiorowego [2, ]
    • a
    • Nazwa ciała zbiorowego lub nazwa geograficzna jako pierwszy element (NP)
    • Uniwersytet Zielonogórski.
    • b
    • Nazwa jednostki podrzędnej (P)
    • Oficyna Wydawnicza.
    • 4
    • Kod relacji
    • pbl
    • 9
    • KHW
    • 55043
920 -ISBN [ , ]
    • a
    • ISBN
    • 83-89712-49-0 Find
Data inwentaryzacji Status udost. Lokalizacja Sygnatura Numer inwentarzowy
2007-02-161BMANG. Metodyka - słownictwo 06A.7760